| 000 | 01965nam0a2200325 4500 | ||
|---|---|---|---|
| 001 | RU\NLR\bibl\906060 | ||
| 005 | 20260405123106.0 | ||
| 010 |
_a5-94938-033-9 _92000 |
||
| 021 |
_aRU _b2005-86295 _94276 |
||
| 035 | _a(NLR Aleph) 000894454 | ||
| 090 |
_a1738819 _c1738819 |
||
| 100 | _a20060210d2005 |||y0rusy50 ca | ||
| 101 | 0 | _arus | |
| 102 | _aRU | ||
| 105 | _aa ||||||||| | ||
| 200 | 1 |
_aУправление качеством продукции _eинструменты и методы менеджмента качества _eучебное пособие _eдля студентов высших учебных заведений, обучающихся по специальности "Стандартизация и сертификация" направления подготовки дипломированных специалистов "Стандартизация, сертификация и метрология" _fС.В. Пономарев, С.В. Мищенко, В.Я. Белобрагин [и др.] |
|
| 210 |
_aМосква _cСтандарты и качество _d2005 |
||
| 215 |
_a243 с. _cил. _d24 |
||
| 225 | 1 |
_aБиблиотека Всероссийской организации качества _eВОК |
|
| 320 | _aБиблиогр.: с. 237-241 (80 назв.) | ||
| 606 | 1 |
_aКачество продукции _jУчебные издания для высших учебных заведений _xУправление _91474335 _3RU\NLR\auth\66317705 |
|
| 686 | _aУ9(2)-823.2-21я73 | ||
| 701 | 1 |
_4070 _8rus _7ca _aПономарев _bС. В. _cд-р техн. наук _gСергей Васильевич _3RU\NLR\auth\7748840 _931775 |
|
| 701 | 1 |
_aМищенко _bС. В. _gСергей Владимирович _4070 |
|
| 701 | 1 |
_aБелобрагин _bВ. Я. _gВиктор Яковлевич _4070 |
|
| 801 | 0 |
_aRU _bNLR _c20060210 _grcr |
|
| 801 | 1 |
_aRU _bNLR _c20060210 |
|
| 942 | _cBOOK | ||
| 980 | _aNB | ||